Statistics for Countries of the World - Tile Select #6

Click here to take the quiz!

General Stats

  • This quiz has been taken 171 times
  • The average score is 54 of 80

Answer Stats

QuestionTileSelect% Correct
Countries with the US dollar as official currencyUSAYes
98%
Countries with green on their flagsLatviaNo
96%
Countries with green on their flagsItalyYes
95%
Countries bordering SerbiaRussiaNo
95%
Countries with green on their flagsAlbaniaNo
94%
Countries with green on their flagsGeorgiaNo
94%
Countries with green on their flagsIrelandYes
94%
Countries with green on their flagsPakistanYes
94%
Countries with green on their flagsSaudi ArabiaYes
94%
Countries with green on their flagsUruguayNo
94%
Countries with green on their flagsBrazilYes
93%
Countries bordering SerbiaGreeceNo
92%
Countries with green on their flagsMalaysiaNo
92%
Countries bordering SerbiaAustriaNo
91%
Countries with green on their flagsVietnamNo
91%
Countries bordering SerbiaCzech RepublicNo
90%
Countries with green on their flagsPortugalYes
88%
Countries bordering SerbiaUkraineNo
88%
Countries with the US dollar as official currencyColombiaNo
87%
Countries located entirely north of the EquatorEcuadorNo
87%
Countries bordering SerbiaBosnia and HerzegovinaYes
86%
Countries with green on their flagsPapua New GuineaNo
86%
Countries where North Korea has an embassyCanadaNo
84%
Countries bordering SerbiaKosovoYes
84%
Countries where North Korea has an embassyAustraliaNo
83%
Countries located entirely north of the EquatorGabonNo
83%
Countries with green on their flagsBangladeshYes
82%
Countries bordering SerbiaCroatiaYes
81%
Countries where North Korea has an embassyFranceNo
81%
Countries located entirely north of the EquatorUgandaNo
81%
Countries where North Korea has an embassyUSANo
81%
Countries with the US dollar as official currencyHondurasNo
80%
Countries with the US dollar as official currencyPhilippinesNo
79%
Countries bordering SerbiaSlovakiaNo
78%
Countries located entirely north of the EquatorNauruNo
77%
Countries with the US dollar as official currencyNicaraguaNo
75%
Countries where North Korea has an embassyChinaYes
74%
Countries with green on their flagsLebanonYes
74%
Countries bordering SerbiaMontenegroYes
74%
Countries with the US dollar as official currencyFijiNo
72%
Countries located entirely north of the EquatorSão Tomé and PríncipeNo
71%
Countries with the US dollar as official currencyMarshall IslandsYes
69%
Countries bordering SerbiaSloveniaNo
69%
Countries where North Korea has an embassyJapanNo
68%
Countries where North Korea has an embassyRussiaYes
68%
Countries located entirely north of the EquatorEthiopiaYes
64%
Countries bordering SerbiaNorth MacedoniaYes
64%
Countries where North Korea has an embassySouth KoreaNo
64%
Countries bordering SerbiaAlbaniaNo
62%
Countries bordering SerbiaRomaniaYes
61%
Countries with the US dollar as official currencyCosta RicaNo
60%
Countries located entirely north of the EquatorGuyanaYes
60%
Countries with the US dollar as official currencyKiribatiNo
60%
Countries located entirely north of the EquatorMaldivesNo
59%
Countries bordering SerbiaHungaryYes
58%
Countries with green on their flagsMoroccoYes
57%
Countries located entirely north of the EquatorSomaliaNo
56%
Countries bordering SerbiaBulgariaYes
53%
Countries located entirely north of the EquatorSouth SudanYes
52%
Countries where North Korea has an embassyIranYes
50%
Countries with the US dollar as official currencySamoaNo
50%
Countries with the US dollar as official currencyPanamaYes
49%
Countries located entirely north of the EquatorVenezuelaYes
49%
Countries with the US dollar as official currencyMicronesiaYes
48%
Countries located entirely north of the EquatorSingaporeYes
48%
Countries located entirely north of the EquatorBruneiYes
47%
Countries located entirely north of the EquatorCentral African RepublicYes
45%
Countries with the US dollar as official currencyPalauYes
43%
Countries located entirely north of the EquatorCameroonYes
41%
Countries with the US dollar as official currencyEl SalvadorYes
39%
Countries where North Korea has an embassyLaosYes
38%
Countries located entirely north of the EquatorMalaysiaYes
38%
Countries where North Korea has an embassyIndonesiaYes
26%
Countries with the US dollar as official currencyEcuadorYes
23%
Countries where North Korea has an embassyIndiaYes
20%
Countries with the US dollar as official currencyEast TimorYes
19%
Countries where North Korea has an embassyUnited KingdomYes
18%
Countries where North Korea has an embassyGhanaYes
16%
Countries where North Korea has an embassyGermanyYes
15%
Countries where North Korea has an embassyRomaniaYes
14%

Score Distribution

Percentile by Number Answered

Percent of People with Each Score

Your Score History

You have not taken this quiz